[Event "IRI-ch"]
[Site "Tehran"]
[Date "2021.04.09"]
[Round "9"]
[White "Nikookar, Mahdi"]
[Black "Veisi, Bardia"]
[Result "1-0"]
[WhiteElo "2239"]
[BlackElo "2273"]
[PlyCount "83"]
[EventDate "2021.04.05"]
[EventType "tourn"]
[EventRounds "15"]
[EventCountry "IRI"]
[EventCategory "8"]
[SourceTitle "CBM 201 Extra"]
[Source "ChessBase"]
[SourceDate "2021.05.31"]
[SourceVersion "1"]
[SourceVersionDate "2021.05.31"]
[SourceQuality "1"]

1. d4 Nf6 2. c4 e6 3. Nf3 d5 4. Nc3 Bb4 5. Qa4+ Nc6 6. e3 dxc4 7. Bxc4 Bd7 8. Qc2 Bd6 9. 0-0 0-0 10. a3 e5 11. h3 a6 12. Ba2 h6 13. b4 exd4 14. exd4 Qc8 15. Bxh6 Bf5 16. Qd2 gxh6 17. Qxh6 Nh7 18. Nh4 Be7 19. g4 Bxh4 20. Qxh4 Nxd4 21. f4 Be6 22. f5 Bxa2 23. Rxa2 f6 24. Rd2 Nc6 25. Ne4 Rf7 26. g5 fxg5 27. Nxg5 Rg7 28. Rg2 Qd8 29. Qc4+ Kh8 30. Nf7+ Rxf7 31. Qxf7 Qd4+ 32. Kh1 Qf6 33. Qxc7 Ne7 34. Qxb7 Rf8 35. a4 Qh4 36. Qxa6 Nxf5 37. Qd3 Qh5 38. a5 Rf6 39. Qc3 Nd4 40. Qc8+ Nf8 41. Rxf6 Qd1+ 42. Rg1 1-0

[Event "IRI-ch"]
[Site "Tehran"]
[Date "2021.04.09"]
[Round "8"]
[White "Veisi, Bardia"]
[Black "Maghsoodloo, Parham"]
[Result "0-1"]
[WhiteElo "2273"]
[BlackElo "2676"]
[PlyCount "82"]
[EventDate "2021.04.05"]
[EventType "tourn"]
[EventRounds "15"]
[EventCountry "IRI"]
[EventCategory "8"]
[SourceTitle "CBM 201 Extra"]
[Source "ChessBase"]
[SourceDate "2021.05.31"]
[SourceVersion "1"]
[SourceVersionDate "2021.05.31"]
[SourceQuality "1"]

1. d4 Nf6 2. c4 e6 3. Nf3 d5 4. g3 Be7 5. Bg2 0-0 6. 0-0 dxc4 7. Ne5 Qd6 8. Nxc4 Qa6 9. Qc2 Rd8 10. e3 c5 11. dxc5 Bxc5 12. b3 Nc6 13. a3 Bd7 14. Bb2 Rac8 15. Rd1 b5 16. Ncd2 Qb6 17. Ne4 Nxe4 18. Bxe4 f5 19. Bg2 b4 20. Nd2 Na5 21. axb4 Bxb4 22. Nc4 Nxc4 23. bxc4 a5 24. Bd4 Qc7 25. Qb2 Be8 26. Be5 Qe7 27. Rd4 Rxd4 28. Qxd4 a4 29. e4 Rd8 30. Qe3 Bc5 31. Qe2 Qg5 32. Bf4 Qf6 33. e5 Qe7 34. Be3 Qa7 35. Bxc5 Qxc5 36. Rb1 a3 37. h4 h6 38. Rb7 Qa5 39. Qa2 Qe1+ 40. Kh2 Rd2 41. Qxa3 Qxf2 0-1

[Event "IRI-ch"]
[Site "Tehran"]
[Date "2021.04.08"]
[Round "6"]
[White "Ghaem Maghami, Ehsan"]
[Black "Veisi, Bardia"]
[Result "1-0"]
[WhiteElo "2561"]
[BlackElo "2273"]
[PlyCount "69"]
[EventDate "2021.04.05"]
[EventType "tourn"]
[EventRounds "15"]
[EventCountry "IRI"]
[EventCategory "8"]
[SourceTitle "CBM 201 Extra"]
[Source "ChessBase"]
[SourceDate "2021.05.31"]
[SourceVersion "1"]
[SourceVersionDate "2021.05.31"]
[SourceQuality "1"]

1. d4 Nf6 2. Nf3 d5 3. c4 e6 4. g3 Bb4+ 5. Bd2 Be7 6. Bg2 0-0 7. 0-0 c6 8. Qc2 Nbd7 9. Rd1 b6 10. Bf4 Ba6 11. b3 Rc8 12. Nc3 Nh5 13. Bc1 Nhf6 14. Bb2 Qc7 15. e4 dxc4 16. e5 Nd5 17. bxc4 Bxc4 18. Ne4 b5 19. Neg5 g6 20. h4 c5 21. h5 cxd4 22. Rxd4 Nc5 23. Qd2 Rfd8 24. hxg6 hxg6 25. Rh4 Bf8 26. Nh7 Qe7 27. Nxf8 Qxf8 28. Ng5 Nd3 29. Nh7 Qg7 30. Bxd5 Nxe5 31. Qg5 Nf3+ 32. Bxf3 Qxb2 33. Nf6+ Kg7 34. Rh7+ Kf8 35. Re1 1-0

[Event "IRI-ch"]
[Site "Tehran"]
[Date "2021.04.05"]
[Round "2"]
[White "Daneshvar, Bardiya"]
[Black "Veisi, Bardia"]
[Result "1/2-1/2"]
[WhiteElo "2401"]
[BlackElo "2273"]
[PlyCount "54"]
[EventDate "2021.04.05"]
[EventType "tourn"]
[EventRounds "15"]
[EventCountry "IRI"]
[EventCategory "8"]
[SourceTitle "CBM 201 Extra"]
[Source "ChessBase"]
[SourceDate "2021.05.31"]
[SourceVersion "1"]
[SourceVersionDate "2021.05.31"]
[SourceQuality "1"]

1. d4 Nf6 2. c4 e6 3. Nc3 Bb4 4. Qc2 d6 5. Nf3 0-0 6. Bg5 h6 7. Bh4 b6 8. e4 g5 9. Bg3 Bb7 10. Nd2 c5 11. d5 Nh5 12. Be2 Nf4 13. Bxf4 gxf4 14. dxe6 fxe6 15. e5 Qg5 16. Nf3 Qg7 17. exd6 e5 18. 0-0-0 Bxc3 19. Qxc3 Nd7 20. Nd2 e4 21. Qc2 Rae8 22. Rhe1 Re5 23. f3 Rfe8 24. fxe4 Bxe4 25. Nxe4 Rxe4 26. Rd2 Qe5 27. Qd3 Re6 1/2-1/2

[Event "Asia-ch Universities"]
[Site "Chess.com INT"]
[Date "2020.12.27"]
[Round "1"]
[White "Bazarbashian, Krikor"]
[Black "Veisi, Bardia"]
[Result "0-1"]
[WhiteElo "1450"]
[BlackElo "2273"]
[PlyCount "68"]
[EventDate "2020.12.27"]
[EventType "swiss"]
[EventRounds "9"]
[EventCountry "IRI"]
[SourceTitle "CBM 200 Extra"]
[Source "ChessBase"]
[SourceDate "2021.03.31"]
[SourceVersion "1"]
[SourceVersionDate "2021.03.31"]
[SourceQuality "1"]

1. e4 e5 2. Nf3 Nc6 3. Bb5 Nf6 4. 0-0 Nxe4 5. Re1 Nd6 6. Nxe5 Nxe5 7. Rxe5+ Be7 8. Ba4 0-0 9. Bb3 Bf6 10. Re1 Nf5 11. c3 d5 12. d4 c6 13. Nd2 Nd6 14. Nf1 g6 15. Bh6 Re8 16. Ne3 Bg5 17. Bxg5 Qxg5 18. Bc2 Bd7 19. Qd2 Qf6 20. Rf1 Re7 21. Bd3 Rae8 22. Nc2 Bf5 23. Ne3 Bxd3 24. Qxd3 h5 25. Rad1 Qg5 26. b3 Ne4 27. c4 Nxf2 28. Rxf2 Rxe3 29. Qf1 R8e7 30. cxd5 Qxd5 31. Qc4 Re1+ 32. Rf1 Rxd1 33. Rxd1 Qg5 34. Qb4 Re2 0-1

[Event "Tehran Paytakht Cup 4th"]
[Site "Tehran"]
[Date "2019.11.05"]
[Round "7"]
[White "Veisi, Bardia"]
[Black "Pourramezanali, Amirreza"]
[Result "0-1"]
[WhiteElo "2316"]
[BlackElo "2486"]
[PlyCount "86"]
[EventDate "2019.10.30"]
[EventType "swiss"]
[EventRounds "9"]
[EventCountry "IRI"]
[SourceTitle "CBM 192 Extra"]
[Source "Chessbase"]
[SourceDate "2019.11.06"]
[SourceVersion "1"]
[SourceVersionDate "2019.11.06"]
[SourceQuality "1"]

1. Nf3 d5 2. g3 Bg4 3. Bg2 Nd7 4. 0-0 e6 5. h3 Bh5 6. d3 Bd6 7. c4 Ngf6 8. Nc3 c6 9. cxd5 exd5 10. Qc2 Bxf3 11. exf3 0-0 12. f4 Bc5 13. Rb1 a5 14. a3 Qe7 15. b4 axb4 16. axb4 Bxb4 17. Na2 Bc5 18. Rxb7 Rfc8 19. Bd2 Bd4 20. Nb4 Qd6 21. Na2 h5 22. Rbb1 Nf8 23. Nc1 Ba7 24. Bc3 h4 25. Kh2 Ng6 26. Ne2 Re8 27. Qd2 Rad8 28. Nd4 Qd7 29. Nf3 d4 30. Ba5 Rc8 31. Ng5 Nd5 32. Be4 Bb8 33. Bxd5 Qxd5 34. Rb7 hxg3+ 35. fxg3 Re3 36. Ne4 f5 37. Ng5 Rce8 38. Rf2 Bd6 39. Qd1 Be7 40. Qh5 Bxg5 41. Qxg5 Re2 42. Be1 Rxe1 43. Rg2 R1e2 0-1

[Event "Baku op"]
[Site "Baku"]
[Date "2019.09.26"]
[Round "7"]
[White "Veisi, Bardia"]
[Black "Bernadskiy, Vitaliy"]
[Result "0-1"]
[WhiteElo "2284"]
[BlackElo "2559"]
[PlyCount "88"]
[EventDate "2019.09.20"]
[EventType "swiss"]
[EventRounds "9"]
[EventCountry "AZE"]
[SourceTitle "EXT 2020"]
[Source "ChessBase"]
[SourceDate "2019.10.17"]
[SourceVersion "1"]
[SourceVersionDate "2019.10.17"]
[SourceQuality "1"]

1. Nf3 f5 2. d4 Nf6 3. c4 g6 4. g3 b6 5. Bg2 Bb7 6. 0-0 Bg7 7. d5 0-0 8. Nc3 a5 9. e4 fxe4 10. Ng5 Na6 11. Ngxe4 Nc5 12. Nxc5 bxc5 13. Re1 Ba6 14. Be3 d6 15. Qe2 Qd7 16. b3 Qf5 17. h3 Nd7 18. g4 Qf7 19. Rac1 h6 20. Qd2 Kh7 21. f4 Nf6 22. Rf1 Rae8 23. Qd3 Bc8 24. Bd2 e6 25. dxe6 Bxe6 26. Nb5 h5 27. f5 gxf5 28. gxf5 Bc8 29. Bxa5 Bh6 30. Rce1 Rxe1 31. Rxe1 Rg8 32. Nxc7 Bb7 33. Re2 h4 34. Ne6 Qh5 35. Kh2 Rg3 36. Qc2 Bxg2 37. Rxg2 Qf3 38. Be1 Rxh3+ 39. Kg1 Be3+ 40. Bf2 Bxf2+ 41. Qxf2 Qd1+ 42. Qf1 Rh1+ 43. Kxh1 Qxf1+ 44. Kh2 Qxf5 0-1

[Event "Baku op"]
[Site "Baku"]
[Date "2019.09.25"]
[Round "6"]
[White "Ibrahimli, Murad Sultanali"]
[Black "Veisi, Bardia"]
[Result "1-0"]
[WhiteElo "2415"]
[BlackElo "2284"]
[PlyCount "127"]
[EventDate "2019.09.20"]
[EventType "swiss"]
[EventRounds "9"]
[EventCountry "AZE"]
[SourceTitle "EXT 2020"]
[Source "ChessBase"]
[SourceDate "2019.10.17"]
[SourceVersion "1"]
[SourceVersionDate "2019.10.17"]
[SourceQuality "1"]

1. d4 Nf6 2. c4 e6 3. Nf3 c5 4. d5 exd5 5. cxd5 a6 6. a4 d6 7. Nc3 g6 8. h3 Qe7 9. Bf4 Bg7 10. Nd2 0-0 11. Nc4 Rd8 12. e3 Ne8 13. Bd3 Nd7 14. 0-0 b6 15. Ne4 Ne5 16. Bxe5 Bxe5 17. Nxb6 Ra7 18. Nc4 Bg7 19. Na5 Bb7 20. Bc2 Bxb2 21. Rb1 Bg7 22. Qd3 Ba8 23. Rb6 Nc7 24. Bb3 Kh8 25. Rc1 f5 26. Nd2 Qf8 27. Bc4 Bf6 28. Rcb1 Re8 29. Nb7 Bxb7 30. Rxb7 Rea8 31. Qb3 Rxb7 32. Qxb7 Qd8 33. Rb3 a5 34. Qc6 Ne8 35. Ba6 f4 36. exf4 Ng7 37. Ne4 Be7 38. g4 Rb8 39. Bb7 h5 40. Kg2 Qf8 41. Qc7 Kg8 42. Re3 Re8 43. Kf3 Qf7 44. Bc6 Rf8 45. Ke2 c4 46. Bb5 hxg4 47. hxg4 Qxf4 48. Qxe7 Qxg4+ 49. Kd2 Nf5 50. Nf6+ Rxf6 51. Qxf6 Nxe3 52. fxe3 c3+ 53. Kxc3 Qb4+ 54. Kd3 Kh7 55. Qf7+ Kh8 56. Qf4 Qa3+ 57. Ke2 Kh7 58. Qh4+ Kg8 59. Qf6 Qa2+ 60. Ke1 Qxd5 61. Qxg6+ Kh8 62. Bd3 Qh1+ 63. Kd2 d5 64. Qh7+ 1-0

[Event "Khomeyn Aftab Cup op 3rd"]
[Site "Khomeyn"]
[Date "2019.08.28"]
[Round "8"]
[White "Veisi, Bardia"]
[Black "Hamidi, Amir Mohammad"]
[Result "1-0"]
[WhiteElo "2221"]
[BlackElo "2232"]
[PlyCount "65"]
[EventDate "2019.08.23"]
[EventType "swiss"]
[EventRounds "9"]
[EventCountry "IRI"]
[SourceTitle "EXT 2020"]
[Source "ChessBase"]
[SourceDate "2019.10.17"]
[SourceVersion "1"]
[SourceVersionDate "2019.10.17"]
[SourceQuality "1"]

1. Nf3 Nf6 2. g3 b6 3. c4 Bb7 4. Bg2 g6 5. Qc2 Bg7 6. Nc3 d5 7. d4 dxc4 8. Qa4+ Nbd7 9. Qxc4 0-0 10. 0-0 c5 11. d5 a6 12. a4 Rc8 13. Rd1 Ne8 14. Qf4 Nd6 15. e4 Nc4 16. Qh4 Nde5 17. Nxe5 Nxe5 18. f4 Nc4 19. e5 Na5 20. Rb1 Qe8 21. b3 f6 22. Ne4 Rd8 23. Bb2 Rxd5 24. Nxf6+ Bxf6 25. Bxd5+ Bxd5 26. exf6 exf6 27. Re1 Qf7 28. Rbd1 Ba8 29. Qh3 f5 30. Rd6 Be4 31. Qh6 Nxb3 32. Rf6 Qe8 33. Rxf5 1-0

[Event "Khomeyn Aftab Cup op 3rd"]
[Site "Khomeyn"]
[Date "2019.08.27"]
[Round "7"]
[White "Poormosavi, Seyed Kian"]
[Black "Veisi, Bardia"]
[Result "1/2-1/2"]
[WhiteElo "2241"]
[BlackElo "2221"]
[PlyCount "85"]
[EventDate "2019.08.23"]
[EventType "swiss"]
[EventRounds "9"]
[EventCountry "IRI"]
[SourceTitle "EXT 2020"]
[Source "ChessBase"]
[SourceDate "2019.10.17"]
[SourceVersion "1"]
[SourceVersionDate "2019.10.17"]
[SourceQuality "1"]

1. e4 e5 2. Nf3 Nc6 3. Bb5 a6 4. Ba4 Nf6 5. 0-0 b5 6. Bb3 Bb7 7. d3 Be7 8. Nc3 0-0 9. a3 d6 10. Ne2 Qd7 11. Ng3 Nd8 12. a4 Ne6 13. axb5 axb5 14. Rxa8 Rxa8 15. c3 c5 16. Bc2 Qc7 17. Ng5 Ra1 18. Nxe6 fxe6 19. Nh5 d5 20. Nxf6+ Bxf6 21. Qg4 Qe7 22. d4 exd4 23. e5 Bxe5 24. Qh5 g5 25. Bxg5 Rxf1+ 26. Kxf1 Qf7 27. Qe2 Bg7 28. Qxb5 dxc3 29. bxc3 c4 30. Qa5 Qd7 31. Ba4 Qc8 32. Qb4 Qc7 33. h3 h6 34. Be3 e5 35. Qb5 Qc8 36. Qb6 Qa8 37. Qe6+ Kh8 38. Bc2 d4 39. Bxh6 Qa1+ 40. Ke2 d3+ 41. Kd2 dxc2 42. Bxg7+ Kxg7 43. Qe7+ 1/2-1/2

[Event "Khomeyn Aftab Cup op 3rd"]
[Site "Khomeyn"]
[Date "2019.08.24"]
[Round "2"]
[White "Tahbaz, Arash"]
[Black "Veisi, Bardia"]
[Result "0-1"]
[WhiteElo "2482"]
[BlackElo "2221"]
[PlyCount "73"]
[EventDate "2019.08.23"]
[EventType "swiss"]
[EventRounds "9"]
[EventCountry "IRI"]
[SourceTitle "EXT 2020"]
[Source "ChessBase"]
[SourceDate "2019.10.17"]
[SourceVersion "1"]
[SourceVersionDate "2019.10.17"]
[SourceQuality "1"]

1. e4 c5 2. Nc3 a6 3. Nf3 d6 4. d4 cxd4 5. Nxd4 Nf6 6. f3 e5 7. Nb3 Be6 8. Be3 Be7 9. Qd2 0-0 10. Nd5 Nxd5 11. exd5 Bf5 12. Be2 a5 13. a4 Nd7 14. 0-0 Bf6 15. Bb5 Re8 16. g4 Bg6 17. Nxa5 Rxa5 18. Bxd7 Qxd7 19. Qxa5 e4 20. Qb5 Qc8 21. Qe2 exf3 22. Qxf3 Bxb2 23. Rae1 Re4 24. h3 Be5 25. a5 h6 26. Bf2 Rc4 27. Re2 Rc3 28. Re3 Rxc2 29. Rfe1 f6 30. Rb3 Qc7 31. Reb1 Qxa5 32. Ra3 Rxf2 33. Kxf2 Qc5+ 34. Kg2 Qc2+ 35. Kf1 Qxb1+ 36. Ke2 Bc2 37. Kd2 0-1

[Event "Karoun Masters Cup 6th"]
[Site "Ahvaz"]
[Date "2019.02.22"]
[Round "2"]
[White "Lorparizangeneh, Shahin"]
[Black "Veisi, Bardia"]
[Result "1-0"]
[WhiteElo "2493"]
[BlackElo "2243"]
[PlyCount "107"]
[EventDate "2019.02.21"]
[EventType "swiss"]
[EventRounds "9"]
[EventCountry "IRI"]
[SourceTitle "CBM 189 Extra"]
[Source "ChessBase"]
[SourceDate "2019.06.03"]
[SourceVersion "1"]
[SourceVersionDate "2019.06.03"]
[SourceQuality "1"]

1. e4 c5 2. Nf3 Nc6 3. Bb5 g6 4. 0-0 Bg7 5. Nc3 Nf6 6. e5 Ng4 7. Ng5 Nh6 8. Nge4 Nxe5 9. Nxc5 Nf5 10. Nb3 a6 11. Be2 d5 12. d4 Nc6 13. Bf3 e6 14. Ne2 0-0 15. g3 Bd7 16. c3 Na5 17. Nc5 Bc6 18. Nd3 Nc4 19. Bg2 Re8 20. Nef4 a5 21. Re1 b5 22. b3 Ncd6 23. Ne5 Bb7 24. Nfd3 Qb6 25. Ba3 Ne4 26. Bb2 Red8 27. f3 Ned6 28. Nc5 b4 29. Qd2 bxc3 30. Bxc3 Rdc8 31. g4 Ne7 32. Qf4 Nc6 33. Na4 Qa7 34. Kh1 Nxe5 35. dxe5 Nb5 36. Bb2 Rc2 37. Bf1 Qf2 38. Qg3 Na7 39. Qxf2 Rxf2 40. Be2 d4 41. Kg1 Rxe2 42. Rxe2 Bxf3 43. Rf2 Bxg4 44. Bxd4 Nc6 45. Bc3 Nxe5 46. Raf1 Ra7 47. Rf4 Be2 48. Rb1 g5 49. Rf2 Bb5 50. Rd1 f5 51. Nc5 g4 52. Nxe6 Bf6 53. Bxe5 Bxe5 54. Rxf5 1-0

[Event "Caspian Cup 17th"]
[Site "Bandar e Anzali"]
[Date "2019.02.14"]
[Round "3"]
[White "Malakhatko, Vadim"]
[Black "Veisi, Bardia"]
[Result "1-0"]
[WhiteElo "2525"]
[BlackElo "2243"]
[PlyCount "67"]
[EventDate "2019.02.12"]
[EventType "swiss"]
[EventRounds "9"]
[EventCountry "IRI"]
[SourceTitle "CBM 189 Extra"]
[Source "ChessBase"]
[SourceDate "2019.06.03"]
[SourceVersion "1"]
[SourceVersionDate "2019.06.03"]
[SourceQuality "1"]

1. d4 f5 2. Nc3 Nf6 3. Bg5 d5 4. Bxf6 exf6 5. e3 Be6 6. Qf3 Qd7 7. Bb5 Nc6 8. Nge2 a6 9. Ba4 g5 10. a3 0-0-0 11. b4 h5 12. Nc1 f4 13. Qd1 h4 14. Qd2 Re8 15. Nd3 Bg4 16. 0-0 f3 17. b5 fxg2 18. Rfb1 axb5 19. Nxb5 Kb8 20. Rb2 Bf3 21. Rab1 Qc8 22. Na7 Kxa7 23. Bxc6 b6 24. Rb5 Qa6 25. Bxe8 Bd6 26. Bc6 Bxh2+ 27. Kxh2 g4 28. Nf4 g3+ 29. fxg3 hxg3+ 30. Kxg3 Be4 31. Rg1 Rh1 32. Kf2 Qxa3 33. Rbb1 Kb8 34. Bxd5 1-0

[Event "Fajr op 27th"]
[Site "Tehran"]
[Date "2019.02.11"]
[Round "9"]
[White "Mirzoev, Azer"]
[Black "Veisi, Bardia"]
[Result "1/2-1/2"]
[WhiteElo "2483"]
[BlackElo "2243"]
[PlyCount "144"]
[EventDate "2019.02.05"]
[EventType "swiss"]
[EventRounds "9"]
[EventCountry "IRI"]
[SourceTitle "CBM 188 Extra"]
[Source "ChessBase"]
[SourceDate "2019.02.26"]
[SourceVersion "1"]
[SourceVersionDate "2019.02.26"]
[SourceQuality "1"]

1. d4 Nf6 2. Nf3 g6 3. g3 Bg7 4. Bg2 0-0 5. 0-0 d6 6. b3 Nc6 7. Bb2 Ne4 8. c4 f5 9. Nbd2 e5 10. dxe5 Nxd2 11. Qxd2 dxe5 12. Qd5+ Kh8 13. Qc5 Re8 14. Rad1 Qe7 15. Qxe7 Rxe7 16. Ng5 e4 17. Bxg7+ Kxg7 18. f3 exf3 19. exf3 f4 20. Rfe1 Rxe1+ 21. Rxe1 h6 22. Ne4 Bf5 23. Nc3 Rf8 24. gxf4 Rf7 25. Kf2 Nd4 26. Bf1 c5 27. Nb5 Nxb5 28. cxb5 Rd7 29. Re8 b6 30. Kg3 Kf6 31. Bc4 Re7 32. Rf8+ Kg7 33. Ra8 Kf6 34. h4 h5 35. a4 Kg7 36. Kf2 Kf6 37. Rf8+ Kg7 38. Rd8 Rd7 39. Rg8+ Kf6 40. Ke3 Re7+ 41. Kd2 Rd7+ 42. Kc3 Re7 43. Rf8+ Kg7 44. Ra8 Kf6 45. Kb2 Rd7 46. Kc3 Re7 47. b4 cxb4+ 48. Kxb4 Rd7 49. a5 Be6 50. axb6 axb6 51. Bxe6 Kxe6 52. Kc4 Rc7+ 53. Kd4 Rc5 54. Re8+ Kf6 55. Re5 Rc1 56. Rd5 Ke6 57. Rg5 Kf6 58. f5 gxf5 59. Rxh5 Kg6 60. Rh8 Rc5 61. h5+ Kg7 62. Re8 Rxb5 63. Re6 Rb3 64. h6+ Kh7 65. f4 Rb5 66. Rd6 Kg8 67. Rd7 Kh8 68. Rb7 Kg8 69. Rg7+ Kh8 70. Rc7 Kg8 71. Rb7 Kh8 72. h7 Ra5 1/2-1/2

[Event "Aftab Cup op 2nd"]
[Site "Khomein"]
[Date "2018.08.28"]
[Round "5"]
[White "Veisi, Bardia"]
[Black "Grigoryan, Karen H"]
[Result "0-1"]
[WhiteElo "2273"]
[BlackElo "2578"]
[PlyCount "76"]
[EventDate "2018.08.25"]
[EventType "swiss"]
[EventRounds "9"]
[EventCountry "IRI"]
[SourceTitle "CBM 186 Extra"]
[Source "ChessBase"]
[SourceDate "2018.08.24"]
[SourceVersion "1"]
[SourceVersionDate "2018.08.24"]
[SourceQuality "1"]

1. d4 Nf6 2. c4 c5 3. d5 e6 4. Nc3 exd5 5. cxd5 d6 6. e4 g6 7. f3 Bg7 8. Nge2 a6 9. a4 0-0 10. Ng3 h5 11. Bg5 Qc7 12. Be2 Nh7 13. Be3 h4 14. Nf1 f5 15. Nd2 f4 16. Bf2 Qe7 17. Nc4 Nd7 18. h3 b6 19. Qd2 Rb8 20. Rb1 Ne5 21. Nxe5 Bxe5 22. b4 Qf6 23. Na2 cxb4 24. Rxb4 Qg5 25. Kf1 Nf6 26. Kg1 Rf7 27. Qc2 b5 28. axb5 axb5 29. Rxb5 Ra8 30. Rb4 Nxe4 31. Rxe4 Bf5 32. Bd3 Bxe4 33. Bxe4 Rb7 34. Qc6 Rbb8 35. Qc4 Rc8 36. Qc6 Rxc6 37. dxc6 Kh7 38. Nc1 Ra1 0-1

[Event "Avicenna op 15th"]
[Site "Hamedan"]
[Date "2018.08.18"]
[Round "3"]
[White "Veisi, Bardia"]
[Black "Pavlov, Sergey1111"]
[Result "1/2-1/2"]
[WhiteElo "2273"]
[BlackElo "2496"]
[PlyCount "71"]
[EventDate "2018.08.17"]
[EventType "swiss"]
[EventRounds "9"]
[EventCountry "IRI"]
[SourceTitle "CBM 186 Extra"]
[Source "ChessBase"]
[SourceDate "2018.08.24"]
[SourceVersion "1"]
[SourceVersionDate "2018.08.24"]
[SourceQuality "1"]

1. e4 c5 2. Nf3 e6 3. d4 cxd4 4. Nxd4 Nf6 5. Nc3 Nc6 6. Ndb5 d6 7. Bf4 e5 8. Bg5 a6 9. Na3 Be6 10. Bxf6 Qxf6 11. Nd5 Qd8 12. Nc4 Be7 13. c3 Rb8 14. a4 Bg5 15. a5 0-0 16. Be2 Ne7 17. Nxe7+ Bxe7 18. 0-0 Qc7 19. Qd3 Qc5 20. Rfd1 f5 21. exf5 Rxf5 22. Ne3 Rf4 23. g3 Rf7 24. Bg4 Bxg4 25. Nxg4 Rbf8 26. Rd2 Bg5 27. Qxd6 Qc8 28. Nxe5 Rd8 29. Nxf7 Kxf7 30. Qxd8 Bxd8 31. Rd5 Bf6 32. Rad1 Qg4 33. R1d2 Qe4 34. h4 h5 35. Kh2 Be5 36. f4 1/2-1/2